[Event "AUTO-MASTER-1095"]
[Site "http://www.queenalice.com/game.php?id=762467"]
[Date "2010.4.17"]
[Round "1"]
[White "amarkin"]
[Black "PhonyBenoni"]
[Result "0-1"]
[WhiteElo "1989"]
[BlackElo "2029"]

1. e4 e5 2. Nf3 Nc6 3. Bb5 a6 4. Ba4 Nf6 5. O-O Be7 6. Re1 b5 7. Bb3 O-O 8. c3
d5 9. exd5 Nxd5 10. Nxe5 Nxe5 11. Rxe5 c6 12. d4 Bd6 13. Re1 Qh4 14. g3 Qh3 15.
Qf3 Bf5 16. Bxd5 cxd5 17. Nd2 Rae8 18. Re3 Re6 19. Qxd5 Bf4 20. Rxe6 fxe6 21.
Qg2 Qh5 22. Qf3 Bg4 23. Qg2 Be3 24. Ne4 Bf3 25. Qf1 Bxe4 26. Bxe3 Qf3 27. Qg2
Qxg2# 0-1

[Event "AUTO-ADV-1680"]
[Site "http://www.queenalice.com/game.php?id=789706"]
[Date "2010.6.14"]
[Round "2"]
[White "koshnarek"]
[Black "PhonyBenoni"]
[Result "0-1"]
[WhiteElo "1716"]
[BlackElo "2151"]

1. e4 e5 2. Nc3 Nf6 3. Nf3 Nc6 4. d3 Be7 5. Nd5 O-O 6. Nxe7+ Qxe7 7. Bg5 Qb4+ 8.
c3 Qxb2 9. Bd2 d5 10. Qc1 Qxc1+ 11. Bxc1 dxe4 12. dxe4 Nxe4 13. Bb2 Bg4 14. Bd3
Nc5 15. Bc4 e4 16. Nd4 Ne5 17. Be2 Ncd3+ 18. Kd2 Nxb2 19. Bxg4 Nxg4 20. Ke2 c5
21. Nb3 b6 22. h3 Ne5 23. Rab1 Nbd3 24. Nc1 Rad8 25. Nxd3 exd3+ 26. Ke3 Nc4+ 27.
Kf4 Rfe8 28. Rhe1 Rxe1 29. Rxe1 d2 30. Rd1 Nb2 31. Rb1 d1=Q 32. Rxd1 Nxd1 33. c4
Nxf2 34. a4 Rd3 35. h4 f6 36. Kf5 Kf7 37. h5 Rd4 38. g3 Nh1 39. g4 Ng3# 0-1

[Event "AUTO-ADV-1680"]
[Site "http://www.queenalice.com/game.php?id=789707"]
[Date "2010.6.14"]
[Round "2"]
[White "PhonyBenoni"]
[Black "koshnarek"]
[Result "1-0"]
[WhiteElo "2150"]
[BlackElo "1700"]

1. e4 e5 2. Nf3 Nc6 3. d4 exd4 4. Bc4 d6 5. Nxd4 Nxd4 6. Qxd4 c5 7. Qd5 Qc7 8.
Bg5 Be6 9. Bb5+ Bd7 10. Nc3 Bxb5 11. Nxb5 Qa5+ 12. Nc3 Rb8 13. e5 Ne7 14. Bxe7
Bxe7 15. exd6 Bf6 16. d7+ Ke7 17. O-O-O Qc7 18. Rhe1+ Kd8 19. Qxf7 Qf4+ 20. Kb1
Be5 21. Qe6 Qf6 22. Qxe5 Qxe5 23. Rxe5 b6 24. Nb5 Rb7 25. Re8+ Rxe8 26. dxe8=R+
Kxe8 27. Nd6+ Ke7 28. Nxb7 Kf6 29. Rd5 g5 30. c4 g4 31. Kc2 Ke6 32. Kd3 Kf6 33.
Ke4 h6 34. Kf4 Kg6 35. Rd6+ Kh5 36. Kf5 g3 37. fxg3 a5 38. g4+ Kh4 39. Rxh6# 1-0

[Event "AUTO-ADV-1680"]
[Site "http://www.queenalice.com/game.php?id=789712"]
[Date "2010.6.14"]
[Round "2"]
[White "pawnforme"]
[Black "PhonyBenoni"]
[Result "0-1"]
[WhiteElo "1989"]
[BlackElo "2125"]

1. d4 Nf6 2. Nf3 d5 3. e3 Bf5 4. Nbd2 e6 5. c4 c6 6. c5 h6 7. Be2 Be7 8. b4 O-O
9. O-O Nbd7 10. Bb2 Qc7 11. Ne5 Nxe5 12. dxe5 Nd7 13. f4 f6 14. Nf3 b6 15. exf6
Bxf6 16. Bxf6 Rxf6 17. Qc1 bxc5 18. bxc5 e5 19. fxe5 Nxe5 20. Nd4 Raf8 21. Qc3
Be4 22. Rxf6 Rxf6 23. Qe1 Qf7 24. a4 Qf8 25. Rc1 Qd8 26. Qd2 Rg6 27. g3 Qh4 28.
Qe1 Qg5 29. Qd2 h5 30. Kf1 h4 0-1

[Event "AUTO-ADV-1680"]
[Site "http://www.queenalice.com/game.php?id=789713"]
[Date "2010.6.14"]
[Round "2"]
[White "PhonyBenoni"]
[Black "pawnforme"]
[Result "1-0"]
[WhiteElo "2117"]
[BlackElo "2000"]

1. e4 c5 2. Nf3 e6 3. d3 Ne7 4. g3 Ng6 5. Bg2 Nc6 6. O-O Be7 7. Nc3 O-O 8. Be3
Kh8 9. d4 cxd4 10. Nxd4 e5 11. Nf5 Bf6 12. Bc5 Nce7 13. Nd5 Nxd5 14. Bxf8 Qxf8
15. Qxd5 Ne7 16. Qb3 Nxf5 17. exf5 Rb8 18. Bd5 Kg8 19. Rad1 b6 20. Rfe1 d6 21.
Qf3 Qe7 22. Qe4 a5 23. f4 Bd7 24. g4 h6 25. Rd3 Be8 26. Rh3 Rc8 27. Rh5 Qc7 28.
Re2 Qc5+ 29. Kh1 Bc6 30. Bxc6 Rxc6 31. g5 d5 32. Qg2 hxg5 33. fxg5 1-0

[Event "A new game "]
[Site "http://www.queenalice.com/game.php?id=817787"]
[Date "2010.8.13"]
[Round "1"]
[White "ahmadov"]
[Black "PhonyBenoni"]
[Result "0-1"]
[WhiteElo "1979"]
[BlackElo "2152"]

1. e4 e5 2. Nf3 Nc6 3. Bb5 a6 4. Ba4 Nf6 5. O-O Be7 6. c3 Nxe4 7. Re1 Nc5 8.
Bxc6 dxc6 9. Nxe5 O-O 10. d4 Nd7 11. Nd2 Nxe5 12. Rxe5 Bd6 13. Re1 Qh4 14. Nf3
Qh5 15. c4 Bg4 16. h3 Bxf3 17. Qxf3 Qxf3 18. gxf3 Rfe8 19. Be3 Re6 20. Bd2 Rae8
21. c5 Rxe1+ 22. Rxe1 Rxe1+ 23. Bxe1 Bf4 24. Kg2 f5 25. a4 Kf7 26. a5 Ke6 27.
Kf1 Kd5 28. Bc3 Kc4 29. Ke2 g6 30. Kf1 Kd3 31. Ke1 Bg5 32. Kd1 Bf6 33. d5 Bxc3
34. dxc6 bxc6 35. bxc3 Kxc3 36. Kc1 Kc4 0-1

[Event "AUTO-ADV-1685"]
[Site "http://www.queenalice.com/game.php?id=836598"]
[Date "2010.9.23"]
[Round "2"]
[White "PhonyBenoni"]
[Black "marcosweck"]
[Result "1-0"]
[WhiteElo "2054"]
[BlackElo "1708"]

1. e4 d6 2. d4 Nf6 3. Nc3 g6 4. f4 Bg4 5. Qd3 Bd7 6. Nf3 Bg7 7. h3 c5 8. dxc5
dxc5 9. Be3 Qc7 10. e5 c4 11. Qxc4 Qxc4 12. Bxc4 Ng8 13. Ng5 Nh6 14. Nd5 Kd8 15.
O-O-O Nc6 16. Bxa7 Rxa7 17. Nb6 Kc7 18. Nxd7 Rha8 19. Bxf7 Nxf7 20. Ne6+ 1-0

[Event "AUTO-ADV-1685"]
[Site "http://www.queenalice.com/game.php?id=836599"]
[Date "2010.9.23"]
[Round "2"]
[White "marcosweck"]
[Black "PhonyBenoni"]
[Result "0-1"]
[WhiteElo "1693"]
[BlackElo "2159"]

1. b3 e5 2. Bb2 Nc6 3. e3 d5 4. Bb5 f6 5. Ne2 Bd6 6. Bxc6+ bxc6 7. O-O Ne7 8. f4
O-O 9. fxe5 fxe5 10. c4 Nf5 11. Qc2 Qg5 12. Ba3 Be6 13. Bxd6 Nxe3 14. Rxf8+ Rxf8
15. Ng3 Rf1+ 16. Nxf1 Qxg2# 0-1

[Event "AUTO-ADV-1685"]
[Site "http://www.queenalice.com/game.php?id=836602"]
[Date "2010.9.23"]
[Round "2"]
[White "PhonyBenoni"]
[Black "superga49"]
[Result "0-1"]
[WhiteElo "2052"]
[BlackElo "2105"]

1. e4 c5 2. Nf3 d6 3. d4 cxd4 4. Nxd4 Nf6 5. Nc3 a6 6. h3 e5 7. Nde2 Be7 8. g4
h6 9. Be3 Be6 10. Bg2 Nbd7 11. Qd2 Nb6 12. Bxb6 Qxb6 13. O-O h5 14. g5 Nd7 15.
h4 f6 16. Kh2 fxg5 17. hxg5 Qd8 18. f4 exf4 19. Nxf4 Bg4 20. Ng6 Bxg5 21. Qd5
Bf6 22. Nxh8 Ne5 23. Bh3 Qc8 0-1

[Event "AUTO-ADV-1685"]
[Site "http://www.queenalice.com/game.php?id=836603"]
[Date "2010.9.23"]
[Round "2"]
[White "superga49"]
[Black "PhonyBenoni"]
[Result "1/2-1/2"]
[WhiteElo "2094"]
[BlackElo "2160"]

1. d4 Nf6 2. c4 c5 3. d5 e6 4. Nc3 exd5 5. Nxd5 Nxd5 6. Qxd5 Nc6 7. Nf3 d6 8.
Bg5 Be7 9. Bxe7 Qxe7 10. e3 Nb4 11. Qd1 Bf5 12. Qa4+ Qd7 13. Qxd7+ Kxd7 14. Kd2
Kc7 15. a3 Nc6 16. Bd3 Be6 17. Kc3 d5 18. cxd5 Bxd5 19. Rad1 Rad8 20. Be2 f6
1/2-1/2

[Event "A new game "]
[Site "http://www.queenalice.com/game.php?id=959064"]
[Date "2011.7.10"]
[Round "3"]
[White "PhonyBenoni"]
[Black "crawfb5"]
[Result "0-1"]
[WhiteElo "2027"]
[BlackElo "2225"]

1. e4 c6 2. d4 d5 3. exd5 cxd5 4. c4 Nf6 5. Nc3 Nc6 6. Bg5 e6 7. Nf3 Be7 8. c5
O-O 9. Rc1 Ne4 10. Bxe7 Qxe7 11. Be2 Rd8 12. O-O e5 13. Nxe5 Nxe5 14. dxe5 Nxc3
15. Rxc3 d4 16. Rc4 Qxe5 17. Bd3 Be6 18. Re1 Qg5 19. Rc1 Rac8 20. b4 Bxa2 21.
Bxh7+ Kxh7 22. Qc2+ d3 0-1